000 00713nam a2200229Ia 4500
003 OSt
005 20220923212007.0
006 a|||||r|||| 00| 0
007 ta
008 Pun
024 _a100,713
037 _cTextual
040 _aARTS
_cARTS
_bPun
041 _2Pun
_aPun
082 _aV2315K27,1, 153G7;K6
100 _aਕਿਨਕੇਡ, ਡੇਨਿਸ; FਮFੇਰ ਸਿੰਘ, ੳਗ.
_9161836
245 0 _aਵਿਦਰੋਹ ਦਾ ਮਹਾਨ ਵੀਰ
260 _c1966
650 _aਭਾਰਤੀਯ ਇਤਿਹਾਸ
942 _hV2315K27,1, 153G7;K6
_cTEXL
_2CC
999 _c305266
_d305266